000 00896nam a2200277Ia 4500
999 _c41073
_d41073
001 7722
003 GE_BSU
005 20220922113614.0
008 181216s2002en xx |||||||||||||| ||eng||
020 _a182334258.
040 _cGE_BSU
041 _aeng
080 _a512.64 B-68
100 _aBlyth,T.S.
_914694
245 _aFurther Linear Algebra /
_cT.S. Blyth, and Robertson E.F. Advisory Board:P.J.Cameron,M.A.J.Chaplain, K.Edman,and other.
264 _aLondon :
_bSpringer,
_c2002.
300 _a233 p;
_c23 cm.
440 _aSpringer Undergraduate Mathematics Series: ISSN 1615-2085.
_914670
653 _aFurther Linear Algebra.
653 _aალგებრა
700 _aRobertson, E.F.
_914695
700 _aCameron, P.J
_eAdvisory Board
_914676
700 _aChaplain, M.A.J.
_eAdvisory Board
_914672
700 _aEdman, K
_eAdvisory Board
_914691
942 _cBK
_2udc